[Event "M.Chigorin Memorial 2013"]
[Site "St. Petersburg"]
[Date "2013.10.10"]
[Round "6.85"]
[White "Solak, Rade"]
[Black "Emdin, Mark"]
[Result "1/2-1/2"]
[WhiteElo "1977"]
[BlackElo "2177"]
[PlyCount "196"]
[EventDate "2013.10.05"]

1. e4 e6 2. d4 d5 3. e5 c5 4. Nf3 Nc6 5. Bd3 Qa5+ 6. Nbd2 Qb6 7. O-O c4 8. Be2
Nxd4 9. Nxd4 Qxd4 10. c3 Qxe5 11. Re1 Qc7 12. b3 cxb3 13. c4 Nf6 14. Bb2 d4 15.
Nxb3 Bb4 16. Nxd4 Bd7 17. Rf1 Be7 18. Nf3 Bc6 19. Ne5 O-O 20. Qb3 Ne4 21. Qh3
Bf6 22. Nd3 Rfd8 23. Bxf6 Nxf6 24. Rac1 Qa5 25. Rfe1 Be4 26. Nf4 Qxa2 27. g4
Qd2 28. Qg3 Bg6 29. Bf3 Qb4 30. h4 Bd3 31. g5 Ne8 32. h5 g6 33. Bg4 Bf5 34.
Bxf5 exf5 35. Nd5 Rxd5 36. cxd5 gxh5 37. Rb1 Qc4 38. Qe5 Qg4+ 39. Qg3 Qc4 40.
Red1 h4 41. Qe5 Qg4+ 42. Kh2 Qf3 43. Qe3 Qxe3 44. fxe3 Nd6 45. Kg2 b5 46. Rd4
a5 47. Rxh4 a4 48. Rbh1 a3 49. Rxh7 Ra4 50. Rh8+ Kg7 51. Rd8 a2 52. Rxd6 a1=Q
53. Rxa1 Rxa1 54. Kf3 b4 55. Kf4 Ra5 56. Ke5 Rb5 57. Rc6 b3 58. Rc1 b2 59. Rb1
Kf8 60. Kf6 Ke8 61. d6 Rb6 62. Kxf5 Rxd6 63. Rxb2 Kf8 64. e4 Kg7 65. Rb7 Ra6
66. e5 Re6 67. Rd7 Ra6 68. Ke4 Ra4+ 69. Kd5 Ra6 70. Re7 Rg6 71. Kd4 Ra6 72. Rd7
Ra4+ 73. Ke3 Ra5 74. Kf4 Ra4+ 75. Kf5 Ra6 76. Rd6 Ra1 77. Rd4 Ra6 78. Kg4 Rb6
79. Kh5 Ra6 80. Rd6 Ra1 81. e6 Rh1+ 82. Kg4 fxe6 83. Rxe6 Ra1 84. Rb6 Ra7 85.
Kh5 Kg8 86. Kg6 Ra8 87. Kh6 Re8 88. Rg6+ Kh8 89. Ra6 Kg8 90. Kg6 Rb8 91. Rd6
Ra8 92. Kh6 Rb8 93. g6 Ra8 94. Kg5 Rb8 95. Kh6 Ra8 96. g7 Rb8 97. Kg6 Ra8 98.
Kf6 Rb8 1/2-1/2

[Event "M.Chigorin Memorial 2013"]
[Site "St. Petersburg"]
[Date "2013.10.10"]
[Round "6.87"]
[White "Fedoseeva, Valentina"]
[Black "Kalinin, Nikita"]
[Result "1/2-1/2"]
[WhiteElo "1950"]
[BlackElo "2167"]
[PlyCount "102"]
[EventDate "2013.10.05"]

1. e4 e5 2. Nf3 Nc6 3. Bc4 Bc5 4. c3 Nf6 5. d4 exd4 6. e5 d5 7. Bb5 Ne4 8. cxd4
Bb6 9. O-O O-O 10. Be3 Bg4 11. Bxc6 bxc6 12. Nbd2 f6 13. Rc1 Nxd2 14. Qxd2 Bxf3
15. gxf3 fxe5 16. dxe5 Rxf3 17. Bxb6 axb6 18. Rxc6 Ra4 19. b4 Rf5 20. f4 Ra3
21. Rd1 h6 22. Rg6 Kh7 23. Qg2 Qe7 24. Rxd5 Rc3 25. Rd1 Rxf4 26. e6 Re3 27. Qc2
Qxb4 28. Kh1 Kh8 29. Rdg1 Re1 30. Rxg7 Rxg1+ 31. Rxg1 Qe4+ 32. Qxe4 Rxe4 33.
Rg6 Kh7 34. Rf6 c5 35. e7 Rxe7 36. Rxb6 Re1+ 37. Kg2 Re2+ 38. Kf3 Rxa2 39. Rc6
Rc2 40. h4 Rc4 41. h5 Kg7 42. Rg6+ Kh7 43. Rc6 Rc1 44. Ke2 Rc4 45. Ke3 Rc2 46.
Kd3 Rc1 47. Kd2 Rc4 48. Ke3 Rc3+ 49. Kd2 Rg3 50. Rxc5 Rg5 51. Rxg5 hxg5 1/2-1/2

[Event "M.Chigorin Memorial 2013"]
[Site "St. Petersburg"]
[Date "2013.10.10"]
[Round "6.88"]
[White "Grigoryeva, Olga A"]
[Black "Lazarev, Alexander A"]
[Result "1-0"]
[WhiteElo "2166"]
[BlackElo "1945"]
[PlyCount "53"]
[EventDate "2013.10.05"]

1. c4 e5 2. Nc3 Nc6 3. g3 b6 4. Bg2 Bb7 5. e3 f5 6. d3 Nf6 7. Nge2 Na5 8. Nd5
Nxd5 9. cxd5 c6 10. Nc3 Bb4 11. Bd2 Qe7 12. O-O Rc8 13. dxc6 dxc6 14. a3 Bxc3
15. Bxc3 Ba6 16. e4 Rd8 17. exf5 O-O 18. Bxa5 Rxd3 19. Bb4 c5 20. Qa4 Bc8 21.
Bc3 Bxf5 22. Qc4+ Kh8 23. Be4 Rd6 24. Bxf5 Rxf5 25. Qe4 Qf6 26. Rae1 Re6 27.
Bxe5 1-0

[Event "M.Chigorin Memorial 2013"]
[Site "St. Petersburg"]
[Date "2013.10.10"]
[Round "6.89"]
[White "Tkachev, Ivan"]
[Black "Alieva, Alexandra"]
[Result "1-0"]
[WhiteElo "2156"]
[BlackElo "1940"]
[PlyCount "101"]
[EventDate "2013.10.05"]

1. d4 g6 2. Nf3 Bg7 3. e4 d6 4. Bd3 Nd7 5. O-O e5 6. dxe5 dxe5 7. b3 Ne7 8.
Nbd2 Nc5 9. Nc4 f5 10. Ba3 Nxd3 11. Qxd3 Qxd3 12. cxd3 Nc6 13. Bb2 O-O 14.
Nfxe5 Bxe5 15. Bxe5 b5 16. Bxc7 bxc4 17. bxc4 fxe4 18. dxe4 Ba6 19. Rac1 Rac8
20. Bd6 Rfd8 21. Rfd1 Na5 22. c5 Nb7 23. e5 Nxc5 24. Bxc5 Rxd1+ 25. Rxd1 Rxc5
26. Rd8+ Kf7 27. f4 Rc7 28. Kf2 Ke7 29. Rd2 Rc3 30. h4 Bc4 31. h5 gxh5 32. f5
Ra3 33. Rd6 Rxa2+ 34. Kg3 Ra6 35. f6+ Kf7 36. Rd7+ Ke8 37. Re7+ Kf8 38. Rxh7
Be2 39. Rh8+ Kf7 40. Rh7+ Kg8 41. Rb7 Bc4 42. Kf4 Bf7 43. Kg5 Ra5 44. Re7 Ra4
45. e6 Rg4+ 46. Kf5 Bg6+ 47. Ke5 Rxg2 48. Rg7+ Kh8 49. Rxg6 Re2+ 50. Kd6 Kh7
51. f7 1-0

[Event "M.Chigorin Memorial 2013"]
[Site "St. Petersburg"]
[Date "2013.10.10"]
[Round "6.90"]
[White "Kharmunova, Nadezhda"]
[Black "Yakovlev, Yuri S"]
[Result "1-0"]
[WhiteElo "2148"]
[BlackElo "1940"]
[PlyCount "57"]
[EventDate "2013.10.05"]

1. e4 c5 2. Nf3 a6 3. d4 cxd4 4. Nxd4 b5 5. g3 Bb7 6. Bg2 e6 7. O-O Be7 8. a4
b4 9. c3 h5 10. h4 bxc3 11. Qb3 Bc6 12. Nxc3 g5 13. Bxg5 Bxg5 14. hxg5 h4 15.
Nxc6 Nxc6 16. e5 Rb8 17. Qc2 Nxe5 18. Rfe1 Qc7 19. Qe2 Nc4 20. Nd5 Qc5 21. b4
Rxb4 22. Nxb4 hxg3 23. Nd3 gxf2+ 24. Nxf2 d5 25. Rab1 Qd6 26. Ng4 Qg3 27. g6
Ne7 28. gxf7+ Kf8 29. Qxe6 1-0

[Event "M.Chigorin Memorial 2013"]
[Site "St. Petersburg"]
[Date "2013.10.10"]
[Round "6.91"]
[White "Egorov, Daniil"]
[Black "Pyatin, Alexander"]
[Result "0-1"]
[WhiteElo "1929"]
[BlackElo "2146"]
[PlyCount "84"]
[EventDate "2013.10.05"]

1. e4 c5 2. Nf3 e6 3. d4 cxd4 4. Nxd4 a6 5. Nc3 Ne7 6. Be2 Nbc6 7. Bf4 Nxd4 8.
Qxd4 Nc6 9. Qe3 d6 10. Qg3 b5 11. O-O-O e5 12. Be3 Be6 13. f4 Qa5 14. Kb1 f6
15. Bg4 Bc4 16. Qh3 Kf7 17. Bd7 Nd8 18. f5 Ke7 19. Be6 Nxe6 20. fxe6 Bxe6 21.
Nd5+ Kf7 22. Qh5+ g6 23. Qf3 Bxd5 24. Rxd5 Be7 25. Rf1 Qd8 26. g4 Rf8 27. Bh6
Re8 28. g5 Rc8 29. Qh3 Qc7 30. Rf2 Qc4 31. gxf6 Bxf6 32. Bg5 Qxe4 33. Rxf6+ Kg8
34. Qd3 Qh1+ 35. Bc1 e4 36. Qb3 Rc4 37. Qg3 Rxc2 38. Kxc2 Rc8+ 39. Kb3 Qxc1 40.
Rxg6+ Kh8 41. Rd4 Qc2+ 42. Kb4 Qa4# 0-1

[Event "M.Chigorin Memorial 2013"]
[Site "St. Petersburg"]
[Date "2013.10.10"]
[Round "6.92"]
[White "Kostrikina, Anna"]
[Black "Glazov, Anatoly"]
[Result "1-0"]
[WhiteElo "2140"]
[BlackElo "1900"]
[PlyCount "99"]
[EventDate "2013.10.05"]

1. e4 e5 2. Nc3 Nc6 3. Bc4 Nf6 4. d3 Na5 5. Bb3 Bb4 6. Nge2 c6 7. O-O h6 8. Ng3
O-O 9. f4 d6 10. fxe5 Ng4 11. Nf5 Bxf5 12. Rxf5 Qh4 13. h3 Nxb3 14. axb3 Nxe5
15. Be3 Qg3 16. Bf2 Qg6 17. Ne2 Nd7 18. Nf4 Qh7 19. Nh5 d5 20. Qg4 Qg6 21. Qf3
Bd6 22. Bd4 dxe4 23. dxe4 f6 24. Qe2 Rae8 25. Nf4 Qf7 26. Nd3 Qg6 27. Nf4 Qf7
28. Nd3 g6 29. Rff1 a6 30. Rae1 Qe6 31. Qd2 Kh7 32. Rf3 c5 33. Be3 Rg8 34. Qf2
b6 35. Bf4 Ne5 36. Bxe5 fxe5 37. Rf6 Rgf8 38. Rxe6 Rxe6 39. Qg3 Ref6 40. Kh2 b5
41. c4 Re8 42. Ra1 Bf8 43. Qe3 Rc8 44. cxb5 axb5 45. Ra7+ Kg8 46. Rb7 c4 47.
Nf2 cxb3 48. Ng4 Rf4 49. Qxb3+ Kh8 50. Qe6 1-0

[Event "M.Chigorin Memorial 2013"]
[Site "St. Petersburg"]
[Date "2013.10.10"]
[Round "6.93"]
[White "Aleksandrov, Grigoriy"]
[Black "Shpartko, Grigory"]
[Result "0-1"]
[WhiteElo "1890"]
[BlackElo "2135"]
[PlyCount "130"]
[EventDate "2013.10.05"]

1. d4 Nf6 2. c4 e6 3. Nc3 b6 4. Nf3 Bb7 5. h3 Bb4 6. Bg5 h6 7. Bh4 g5 8. Bg3
Ne4 9. Qc2 Nxg3 10. fxg3 Bd6 11. Kf2 f5 12. e4 O-O 13. exf5 Rxf5 14. Bd3 Rf7
15. Be4 Nc6 16. Bxc6 Bxc6 17. Qg6+ Rg7 18. Qxh6 Qe7 19. Rae1 Rf8 20. Ne4 Bb4
21. Re2 d5 22. cxd5 Bxd5 23. a3 Bd6 24. Nxd6 Qxd6 25. Rd1 Qc6 26. Rd3 Qc4 27.
Rc3 Qxd4+ 28. Ke1 Qf6 29. Qxf6 Rxf6 30. Ne5 c5 31. b4 cxb4 32. axb4 a6 33. Rf2
Rf5 34. Ng4 Rxf2 35. Kxf2 Rf7+ 36. Kg1 Kg7 37. Ne5 Ra7 38. h4 Kf6 39. Nd3 Rh7
40. hxg5+ Kxg5 41. Nf4 Rd7 42. Kf2 e5 43. Nd3 Kf5 44. Ke3 Rg7 45. Kf2 Ke4 46.
Nb2 a5 47. Re3+ Kd4 48. Rd3+ Ke4 49. Re3+ Kf5 50. bxa5 bxa5 51. Ra3 Ra7 52. Nd3
Ke4 53. Ke2 Bc4 54. Ra4 Kd5 55. Kd2 Bb5 56. Ra1 a4 57. Nf2 Kd4 58. Ra3 e4 59.
Nd1 Kc4 60. Nc3 Bc6 61. Kc2 Rf7 62. Nd1 Kb4 63. Rc3 Bd5 64. Kb1 Rf1 65. Rc1 a3
0-1

[Event "M.Chigorin Memorial 2013"]
[Site "St. Petersburg"]
[Date "2013.10.10"]
[Round "6.94"]
[White "Nuritdinov, Nizomiddin"]
[Black "Androsov, Sergey"]
[Result "0-1"]
[WhiteElo "1882"]
[BlackElo "2114"]
[PlyCount "158"]
[EventDate "2013.10.05"]

1. d4 d5 2. Nf3 c6 3. e3 Nf6 4. c4 e6 5. Nbd2 Nbd7 6. b3 Bb4 7. Bd3 O-O 8. O-O
Re8 9. Bb2 h6 10. a3 Bd6 11. e4 dxe4 12. Nxe4 Nxe4 13. Bxe4 Qc7 14. c5 Bf8 15.
Rc1 Rd8 16. Qe2 Nf6 17. Bb1 Qf4 18. Ne5 Nd5 19. g3 Qg5 20. f4 Qe7 21. Rce1 f5
22. Qh5 Bd7 23. Nxd7 Qxd7 24. Re5 Nf6 25. Qe2 Kf7 26. Re1 Re8 27. h3 g6 28. b4
Bg7 29. Re3 Nd5 30. Rf3 Rad8 31. Rd1 Nc7 32. Ba2 Nd5 33. Kh2 a6 34. Qg2 Qc7 35.
Qf2 a5 36. Rb3 axb4 37. axb4 b5 38. Qd2 h5 39. h4 Nf6 40. Ra3 Ra8 41. Rxa8 Rxa8
42. Bb3 Qd7 43. Re1 Ne4 44. Qe3 Rd8 45. Rd1 Nf6 46. Kh3 Nd5 47. Qe1 Qe8 48. Ra1
Qd7 49. Ra6 Qc7 50. Bxd5 exd5 51. Qa1 Qe7 52. Ra7 Rd7 53. Rxd7 Qxd7 54. Qe1 Qa7
55. Qd2 Qa2 56. Kg2 Qb1 57. Kh2 Qf1 58. Bc3 Qf3 59. Bb2 Bf6 60. Bc3 Bd8 61. Bb2
Bc7 62. Bc3 g5 63. Qc2 Kg6 64. hxg5 h4 65. Be1 hxg3+ 66. Bxg3 Bxf4 67. Bxf4
Qxf4+ 68. Kh3 Qg4+ 69. Kh2 Qh4+ 70. Kg1 Qxd4+ 71. Kh2 Qe4 72. Qb2 d4 73. Qa2
Qh4+ 74. Kg2 Qxg5+ 75. Kh2 Qh5+ 76. Kg2 Qg4+ 77. Kh2 Kg5 78. Qe6 Qf4+ 79. Kh3
Qe3+ 0-1

[Event "M.Chigorin Memorial 2013"]
[Site "St. Petersburg"]
[Date "2013.10.10"]
[Round "6.95"]
[White "Grachev, Andrey"]
[Black "Gadzhiev, Farid"]
[Result "0-1"]
[WhiteElo "2110"]
[BlackElo "1887"]
[PlyCount "98"]
[EventDate "2013.10.05"]

1. e4 c5 2. Nf3 e6 3. c4 Nc6 4. Nc3 Nd4 5. d3 Ne7 6. g3 Nec6 7. Bg2 Be7 8. O-O
O-O 9. Be3 d6 10. Ne2 Nxf3+ 11. Bxf3 Bf6 12. Rb1 Qc7 13. Bg2 Rb8 14. Nc3 a6 15.
a4 Nd4 16. h4 Bd7 17. Bg5 Bxg5 18. hxg5 b5 19. f4 bxc4 20. Kf2 g6 21. Rh1 f6
22. Qg4 fxg5 23. Qxg5 cxd3 24. Bf3 Bc6 25. Rh6 Rf7 26. Bh5 Rg7 27. Bg4 Qe7 28.
Qxe7 Rxe7 29. Ke3 Rb3 30. Kxd3 Bxa4 31. Bd1 Kg7 32. Bxb3 Bxb3 33. Rh2 d5 34.
Rf2 Bc4+ 35. Ke3 Nb3 36. Na4 d4+ 37. Kf3 Bb5 38. Nb6 Re8 39. Kg4 Rb8 40. f5
exf5+ 41. exf5 Rxb6 42. Re1 Rb7 43. f6+ Kf7 44. Kg5 d3 45. Rh1 Kf8 46. Rfh2 d2
47. Rd1 Bd3 48. Rf2 Rd7 49. Rh2 Bc2 0-1

[Event "M.Chigorin Memorial 2013"]
[Site "St. Petersburg"]
[Date "2013.10.10"]
[Round "6.96"]
[White "Scheglov, Dmitry"]
[Black "Belov, Nikita"]
[Result "0-1"]
[WhiteElo "1770"]
[BlackElo "2108"]
[PlyCount "78"]
[EventDate "2013.10.05"]

1. e4 e6 2. d4 d5 3. e5 c5 4. c3 Nc6 5. Nf3 Qb6 6. a3 Bd7 7. b4 cxd4 8. cxd4
Rc8 9. Be2 Nxd4 10. Nxd4 Rxc1 11. Qxc1 Qxd4 12. Qc3 Qb6 13. O-O Ne7 14. Nd2 Ng6
15. Nb3 Nf4 16. Rfe1 Be7 17. Rac1 f6 18. Nc5 Bc6 19. Bf3 O-O 20. Qd4 fxe5 21.
Qxe5 Rf5 22. Qb8+ Kf7 23. Bg4 Rf6 24. Qc8 Bxc5 25. bxc5 Qb2 26. Rb1 Qd4 27. Bf3
Kg6 28. Qc7 h6 29. Rb4 Qc3 30. Rf1 e5 31. Qc8 e4 32. Bd1 Nd3 33. Rb3 Qd4 34.
Qg4+ Kh7 35. Qe2 Rxf2 36. Rxf2 Nxf2 37. Kf1 Nxd1 38. Rg3 Bb5 39. Qxb5 Qf2# 0-1

[Event "M.Chigorin Memorial 2013"]
[Site "St. Petersburg"]
[Date "2013.10.10"]
[Round "6.97"]
[White "Zherebtsova, Alexandra"]
[Black "Shemenko, Georgy"]
[Result "1-0"]
[WhiteElo "2078"]
[BlackElo "1802"]
[PlyCount "91"]
[EventDate "2013.10.05"]

1. f4 d5 2. Nf3 c5 3. g3 Nc6 4. Bg2 e6 5. b3 b6 6. Bb2 Bb7 7. O-O Nf6 8. e3 Be7
9. h3 Qc7 10. Nc3 a6 11. Ne2 O-O-O 12. a3 h6 13. d3 Rhg8 14. Ne5 Bd6 15. Nxc6
Bxc6 16. b4 Nd7 17. Rc1 c4 18. Qe1 e5 19. e4 dxe4 20. dxc4 e3 21. Bxc6 Qxc6 22.
fxe5 Bxe5 23. Bd4 Qe4 24. c3 f5 25. c5 g5 26. c6 Nf6 27. Bxe5 Qxe5 28. Nd4 f4
29. Qe2 b5 30. a4 Ne4 31. axb5 Nxg3 32. Qg4+ Kc7 33. Ne6+ Kb6 34. Nxd8 Qd5 35.
Qxg3 fxg3 36. Rf7 Kxb5 37. c4+ Qxc4 38. Rxc4 Rxd8 39. Re4 Kxc6 40. Rxe3 Kb5 41.
Re4 Rd2 42. Rf5+ Kc6 43. Re6+ Kd7 44. Rxa6 Rh2 45. Rf7+ Ke8 46. Rh7 1-0

[Event "M.Chigorin Memorial 2013"]
[Site "St. Petersburg"]
[Date "2013.10.10"]
[Round "6.98"]
[White "Reshetnikov, Ruslan"]
[Black "Kartsev, Evgeni"]
[Result "1-0"]
[WhiteElo "1878"]
[BlackElo "2067"]
[PlyCount "50"]
[EventDate "2013.10.05"]

1. d4 Nf6 2. c4 g6 3. Nc3 d5 4. Bf4 Bg7 5. e3 O-O 6. Nf3 c5 7. dxc5 Qa5 8. Rc1
Ne4 9. cxd5 Nxc3 10. Qd2 Qxa2 11. bxc3 Qa3 12. Be2 Qxc5 13. O-O b5 14. Nd4 a6
15. c4 bxc4 16. Bxc4 Qa7 17. Ba2 Bxd4 18. exd4 Nd7 19. d6 a5 20. dxe7 Re8 21.
Bd6 Kg7 22. Rc3 Nf6 23. Rf3 Rxe7 24. Qg5 Ne4 25. Qxe7 Qxe7 1-0

[Event "M.Chigorin Memorial 2013"]
[Site "St. Petersburg"]
[Date "2013.10.10"]
[Round "6.100"]
[White "Martynyuk, Elizaveta"]
[Black "Orel, Danil"]
[Result "1/2-1/2"]
[WhiteElo "2032"]
[BlackElo "1831"]
[PlyCount "108"]
[EventDate "2013.10.05"]

1. e4 Nf6 2. e5 Nd5 3. d4 d6 4. Nf3 g6 5. Bc4 Nb6 6. Bb3 Bg7 7. Qe2 O-O 8. a4
a5 9. O-O Bg4 10. Be3 Nc6 11. h3 Bxf3 12. Qxf3 dxe5 13. dxe5 Bxe5 14. Rd1 Qc8
15. Nc3 e6 16. Ne4 Nd7 17. Bh6 Nd4 18. Qd3 Re8 19. Bc4 Nf5 20. Bg5 Nd6 21. f4
Bxb2 22. Rab1 Bg7 23. Nxd6 cxd6 24. Qxd6 Qxc4 25. Qxd7 b6 26. Kh2 h6 27. Bh4 g5
28. Bf2 Qxf4+ 29. Bg3 Qe3 30. Rb3 Qc5 31. Rf1 Re7 32. Qd3 Qd4 33. Qf3 Rae8 34.
Bf2 Qd6+ 35. Kh1 Rb7 36. Rfb1 Reb8 37. c4 Bd4 38. Rd1 e5 39. Bxd4 exd4 40. Rbd3
Rd7 41. Rxd4 Qxd4 42. Rxd4 Rxd4 43. Qc6 Kg7 44. Kh2 Rdd8 45. Qc7 Rf8 46. Qe5+
f6 47. Qe7+ Rf7 48. Qd6 Rbb7 49. Qc6 Rfe7 50. h4 gxh4 51. Qd6 Rf7 52. Qd4 Rbd7
53. Qg4+ Kh7 54. Qxh4 Kg7 1/2-1/2

[Event "M.Chigorin Memorial 2013"]
[Site "St. Petersburg"]
[Date "2013.10.10"]
[Round "6.102"]
[White "Gudkina, Zhanna"]
[Black "Utkin, Vladimir"]
[Result "1/2-1/2"]
[WhiteElo "1846"]
[BlackElo "2025"]
[PlyCount "64"]
[EventDate "2013.10.05"]

1. e4 e5 2. Nf3 Nf6 3. d4 Nxe4 4. Bd3 d5 5. Nxe5 Nd7 6. O-O Nxe5 7. dxe5 Nc5 8.
b4 Nxd3 9. Qxd3 g6 10. Ba3 Be7 11. b5 Be6 12. Bxe7 Qxe7 13. Nd2 O-O 14. Rfe1 c5
15. bxc6 bxc6 16. c4 Rab8 17. Qe3 Rb2 18. a3 Bf5 19. cxd5 cxd5 20. Nf3 Be6 21.
Nd4 Qb7 22. h4 h5 23. Qg3 Kh7 24. Qf4 Qd7 25. Rac1 Rc8 26. Nxe6 fxe6 27. Rxc8
Qxc8 28. Qf7+ Kh6 29. Qf4+ Kh7 30. Qf7+ Kh6 31. Qf4+ Kh7 32. Qf7+ Kh6 1/2-1/2

[Event "M.Chigorin Memorial 2013"]
[Site "St. Petersburg"]
[Date "2013.10.10"]
[Round "6.103"]
[White "Tskhadadze, Anna"]
[Black "Voronenkov, Sergey"]
[Result "0-1"]
[WhiteElo "1806"]
[BlackElo "2019"]
[PlyCount "82"]
[EventDate "2013.10.05"]

1. c4 Nf6 2. g3 g6 3. Bg2 Bg7 4. Nc3 O-O 5. e4 d6 6. Nge2 c5 7. O-O Nc6 8. d3
a6 9. f4 Rb8 10. h3 Bd7 11. a4 Ne8 12. g4 Nc7 13. f5 b5 14. axb5 axb5 15. cxb5
Nd4 16. h4 Ncxb5 17. h5 Nxe2+ 18. Nxe2 Nd4 19. Ra2 Qb6 20. Nf4 gxf5 21. Nd5 Qd8
22. gxf5 e6 23. Qg4 exd5 24. h6 Qf6 25. Bg5 Qe5 26. Bf4 Qf6 27. hxg7 Rfe8 28.
Qh5 Bb5 29. Bg5 Qe5 30. Bf4 Qe7 31. Rfa1 Bxd3 32. Ra7 Rb7 33. f6 Qxf6 34. Rxb7
Qxf4 35. Bf1 Bxe4 36. Ra3 Nf3+ 37. Rxf3 Bxf3 38. Qh3 Qe3+ 39. Kh2 d4 40. Ra7
Qf2+ 41. Bg2 Bxg2 0-1

[Event "M.Chigorin Memorial 2013"]
[Site "St. Petersburg"]
[Date "2013.10.10"]
[Round "6.104"]
[White "Kantyshev, Nikita"]
[Black "Skafar, Darya"]
[Result "1-0"]
[WhiteElo "1979"]
[BlackElo "1828"]
[PlyCount "87"]
[EventDate "2013.10.05"]

1. e4 d6 2. d4 Nf6 3. Nc3 g6 4. Nf3 Bg7 5. Be2 O-O 6. O-O Bg4 7. h3 Bxf3 8.
Bxf3 Nc6 9. Bg5 h6 10. Bh4 e5 11. dxe5 dxe5 12. Qxd8 Raxd8 13. Bxf6 Bxf6 14.
Nd5 Kg7 15. c3 Na5 16. Nxc7 Nc4 17. b3 Nd2 18. Rfd1 Nxf3+ 19. gxf3 g5 20. Nd5
Kg6 21. Rd3 Rc8 22. c4 Bd8 23. Rad1 f6 24. Ne3 Bb6 25. Nf5 Rcd8 26. Rd7 Rxd7
27. Rxd7 Rd8 28. Rg7+ Kh5 29. Ng3+ Kh4 30. Rh7 g4 31. Nf5+ Kg5 32. b4 Rd1+ 33.
Kg2 gxh3+ 34. Kxh3 Bxf2 35. Rg7+ Kh5 36. Rg4 Rh1+ 37. Kg2 Rg1+ 38. Kxf2 Rxg4
39. fxg4+ Kxg4 40. c5 h5 41. b5 h4 42. c6 h3 43. cxb7 h2 44. Ng3 1-0

[Event "M.Chigorin Memorial 2013"]
[Site "St. Petersburg"]
[Date "2013.10.10"]
[Round "6.105"]
[White "Hyoetylae, Tapio"]
[Black "Shagdurov, Denis"]
[Result "0-1"]
[WhiteElo "1796"]
[BlackElo "1967"]
[PlyCount "104"]
[EventDate "2013.10.05"]

1. d4 Nf6 2. c4 c5 3. d5 e5 4. Nc3 d6 5. e4 Be7 6. Bd3 O-O 7. Nge2 Ne8 8. O-O
Bg5 9. a3 Bxc1 10. Qxc1 g6 11. b4 Nd7 12. Ng3 a6 13. Rb1 Ng7 14. Qd2 b6 15. Rb2
f5 16. exf5 gxf5 17. f4 e4 18. Be2 Qf6 19. Nd1 Qd4+ 20. Ne3 a5 21. Rd1 Qf6 22.
bxc5 dxc5 23. Rb3 Qd6 24. Rf1 Rb8 25. Nd1 Ne6 26. Rb1 Nd4 27. Nc3 Ba6 28. Rf2
Qf6 29. a4 Nxe2+ 30. Ngxe2 Bxc4 31. Qe3 Kh8 32. g3 Rfd8 33. h3 Nf8 34. Rd1 Qf7
35. g4 Bxd5 36. Nxd5 Rxd5 37. Rxd5 Qxd5 38. Qc3+ Kg8 39. gxf5 Qxf5 40. Rg2+ Ng6
41. Rg5 Qd7 42. f5 Qd1+ 43. Kf2 Rf8 44. Ke3 Qxa4 45. Ng1 Rd8 46. Kf2 Rd3 47.
Qe5 Qc2+ 48. Ne2 Rf3+ 49. Kg1 Qd1+ 50. Kh2 Qxe2+ 51. Rg2 Qxg2+ 52. Kxg2 Nxe5
0-1

[Event "M.Chigorin Memorial 2013"]
[Site "St. Petersburg"]
[Date "2013.10.10"]
[Round "6.106"]
[White "Sokolov, Ilia"]
[Black "Chernov, Maksim"]
[Result "1-0"]
[WhiteElo "1792"]
[BlackElo "1962"]
[PlyCount "87"]
[EventDate "2013.10.05"]

1. Nf3 d5 2. b3 Nf6 3. Bb2 e6 4. g3 Bd6 5. Bg2 O-O 6. O-O c5 7. d4 Nc6 8. e3
cxd4 9. Nxd4 Nxd4 10. exd4 Qc7 11. Na3 Qa5 12. Nb1 b5 13. Qd2 Qxd2 14. Nxd2 Ba6
15. Rfc1 b4 16. a3 Bb7 17. axb4 Bxb4 18. c3 Bd6 19. c4 Bb4 20. Bc3 a5 21. c5
Bc6 22. Bxb4 axb4 23. Nf3 Nd7 24. Ne1 Rab8 25. Ra6 Rfc8 26. f4 f6 27. Nc2 Kf8
28. Re1 e5 29. Bh3 Rb7 30. fxe5 fxe5 31. Rxe5 Nxe5 32. Bxc8 Rc7 33. dxe5 Rxc8
34. Nd4 Be8 35. Rb6 Bd7 36. c6 Be8 37. c7 Ke7 38. Rb7 Bd7 39. Kf2 g6 40. Ke3
Rf8 41. Nc6+ Ke6 42. Rb8 Rc8 43. Rxc8 Bxc8 44. Na7 1-0

[Event "M.Chigorin Memorial 2013"]
[Site "St. Petersburg"]
[Date "2013.10.10"]
[Round "6.107"]
[White "Zhivotovskaya, Asya"]
[Black "Gantsevich, Aleksei"]
[Result "1-0"]
[WhiteElo "1755"]
[BlackElo "1922"]
[PlyCount "149"]
[EventDate "2013.10.05"]

1. e4 e5 2. Nf3 Nc6 3. Bb5 a6 4. Ba4 Nf6 5. O-O Be7 6. Re1 b5 7. Bb3 d6 8. c3
O-O 9. h3 Nb8 10. d4 Nbd7 11. Nbd2 Bb7 12. Bc2 Re8 13. Nf1 Bf8 14. Ng3 g6 15.
Bd2 Bg7 16. Qc1 c6 17. Bh6 Bh8 18. Qg5 Qc7 19. Nh4 c5 20. d5 c4 21. Kh2 Bc8 22.
Nhf5 Nc5 23. Rad1 Bxf5 24. Nxf5 Nh5 25. g3 a5 26. Qh4 Bf6 27. Qg4 Kh8 28. Nh4
b4 29. Bg5 Bg7 30. Nf5 Nf6 31. Qh4 Ng8 32. Nxg7 Kxg7 33. Bc1 b3 34. axb3 Nxb3
35. Bxb3 cxb3 36. f4 f6 37. g4 exf4 38. g5 fxg5 39. Qxg5 Re5 40. Qxf4 Rf8 41.
Qh4 Rh5 42. Qg3 Nf6 43. Bf4 Qd7 44. Bxd6 Ng4+ 45. Kg1 Rf7 46. Rf1 Rxf1+ 47.
Rxf1 Qa7+ 48. Kh1 Qd7 49. Kg2 Rg5 50. Kf3 Qb5 51. Rd1 h5 52. hxg4 hxg4+ 53. Kf2
Qb6+ 54. Kg2 Rh5 55. Rh1 Qa6 56. Re1 a4 57. Qf4 Qc8 58. Rf1 Qe8 59. Qxg4 Qd8
60. Qf4 Rg5+ 61. Kf3 Rh5 62. Ke2 Qe8 63. Qf8+ Qxf8 64. Rxf8 Rh4 65. Rf4 Rh2+
66. Rf2 Rh4 67. Rf4 Rh2+ 68. Rf2 Rh4 69. e5 Re4+ 70. Kd3 Re1 71. e6 Rd1+ 72.
Kc4 Re1 73. e7 g5 74. Rf8 Re4+ 75. Kd3 1-0

[Event "M.Chigorin Memorial 2013"]
[Site "St. Petersburg"]
[Date "2013.10.10"]
[Round "6.108"]
[White "Sedykh, Egor"]
[Black "Petrochenko, Maria"]
[Result "1/2-1/2"]
[WhiteElo "1899"]
[BlackElo "1759"]
[PlyCount "140"]
[EventDate "2013.10.05"]

1. d4 d5 2. c4 c6 3. cxd5 cxd5 4. Nc3 Nf6 5. Bf4 Nc6 6. e3 Bf5 7. Qb3 Na5 8.
Qa4+ Bd7 9. Bb5 Nc6 10. Nf3 a6 11. Bxc6 bxc6 12. Ne5 e6 13. b4 Qb6 14. Rb1 Be7
15. O-O O-O 16. Bg5 Qc7 17. Rfc1 Be8 18. Qc2 a5 19. b5 cxb5 20. Nxd5 Qd8 21.
Nxe7+ Qxe7 22. Bxf6 Qxf6 23. Qe4 Rb8 24. Rc5 h6 25. Rbc1 Qd8 26. g3 a4 27. Rc7
b4 28. R7c2 b3 29. axb3 axb3 30. Rb2 Qd6 31. Rcb1 Ba4 32. Qf3 Rbc8 33. Rxb3
Bxb3 34. Rxb3 Rc1+ 35. Kg2 Rc7 36. h4 Qe7 37. Ng4 Rfc8 38. Rb5 f5 39. Ne5 Rc2
40. Ng6 Qd7 41. Re5 Qf7 42. h5 R2c6 43. Rb5 R6c7 44. Re5 Rc6 45. Kh3 Rd6 46.
Rb5 Rd5 47. Rb6 Rcd8 48. Kg2 Qe8 49. Ne5 Rb8 50. Rxb8 Qxb8 51. Ng6 Qe8 52. Qf4
Rd7 53. Qf3 Rd5 54. Nf4 Rd7 55. Nd3 Rd5 56. Kh2 Rd7 57. Nf4 Rd6 58. Qb7 Rd7 59.
Qc6 Re7 60. Ng6 Rd7 61. Nf4 Re7 62. Qd6 Qf7 63. Ng6 Re8 64. Qc6 Kh7 65. Kg2 Kg8
66. Nf4 Kh7 67. Qf3 Kg8 68. Nd3 Qc7 69. Ne5 Qe7 70. Kh3 Qf6 1/2-1/2

[Event "M.Chigorin Memorial 2013"]
[Site "St. Petersburg"]
[Date "2013.10.10"]
[Round "6.109"]
[White "Shpakovsky, Kirill"]
[Black "Pitkanen, Juhani"]
[Result "1-0"]
[WhiteElo "1891"]
[BlackElo "1744"]
[PlyCount "69"]
[EventDate "2013.10.05"]

1. e4 c5 2. Nf3 e6 3. d4 cxd4 4. Nxd4 a6 5. Be2 Nf6 6. Bf3 d6 7. O-O Be7 8. c4
O-O 9. b3 Nbd7 10. Nc3 Qc7 11. Bd2 Ne5 12. Be2 b6 13. Rc1 Bb7 14. f3 Rac8 15.
Be3 Ned7 16. Qd2 Ne5 17. Rfd1 Rfd8 18. Bf1 Rb8 19. Qf2 Nfd7 20. Qg3 Ng6 21. Qf2
Nge5 22. Be2 Bc8 23. f4 Nc6 24. Nd5 exd5 25. cxd5 Nf6 26. Nxc6 Nxe4 27. Bxb6
Rxb6 28. Nxe7+ Qxe7 29. Qxb6 Nc5 30. Bf3 Qe3+ 31. Kh1 Re8 32. b4 Bg4 33. Bxg4
Qxf4 34. bxc5 Qxg4 35. Qxd6 1-0

[Event "M.Chigorin Memorial 2013"]
[Site "St. Petersburg"]
[Date "2013.10.10"]
[Round "6.110"]
[White "Pankova, Julia"]
[Black "Zakharov, Yuri"]
[Result "1-0"]
[WhiteElo "1621"]
[BlackElo "1891"]
[PlyCount "61"]
[EventDate "2013.10.05"]

1. e4 d6 2. d4 Nf6 3. Nc3 g6 4. f4 Bg7 5. Bd3 O-O 6. Nf3 Nbd7 7. O-O c5 8. dxc5
Nxc5 9. Be3 Nxd3 10. Qxd3 Qa5 11. Nd4 Ng4 12. Nb3 Qd8 13. Bd4 e5 14. fxe5 dxe5
15. Bc5 Qh4 16. h3 Rd8 17. Qf3 Nh6 18. Nd5 Rxd5 19. exd5 Bf5 20. Rae1 Bxc2 21.
Nd2 f5 22. Qc3 Ba4 23. Nf3 Qd8 24. d6 Bc6 25. Qc4+ Kh8 26. Nxe5 Be4 27. Qe6 b6
28. Be3 Qe8 29. Qxe8+ Rxe8 30. d7 Rd8 31. Bg5 1-0